| 000 | 00860 a2200217 4500 | ||
|---|---|---|---|
| 020 | _a0122252632 | ||
| 020 | _a0122252632 | ||
| 040 |
_aDLC _bDLC |
||
| 245 | 0 | 0 |
_aWDM technologies: optical networks _cedited by Achyut K. Dutta, Niloy K. Dutta, Masahiko Fujiwara |
| 246 | 3 | 0 |
_aWDM technologies : _boptical networks : volume III. |
| 260 |
_aBurlington, MA : _bElsevier Academic Press, _cc2004. |
||
| 300 |
_axix, 315 p. : _bill. ; _c24 cm. |
||
| 538 | _aMode of access: World Wide Web. | ||
| 538 | _aSystem requirements: Internet connectivity; World Wide Web browser. | ||
| 650 | 0 | _aWavelength division multiplexing. | |
| 700 | 1 | _aDutta, Achyut K. | |
| 700 | 1 |
_aDutta, N. K. _d1953- |
|
| 700 | 1 | _aFujiwara, Masahiko. | |
| 856 | 4 | 0 | _uhttp://libproxy1.nus.edu.sg/login?url=http://www.sciencedirect.com/science/book/9780122252631 |
| 942 |
_cBK _k621.3827 DUT _2ddc |
||
| 999 |
_c8226 _d8226 |
||